|
|
|
|
| LEADER |
01387nam a2200301 a 4500 |
| 001 |
11818559 |
| 008 |
100610s2000 nyu b 000 0aeng d |
| 010 |
|
|
|a \\\99055803
|
| 020 |
|
|
|a 0140437959
|
| 040 |
|
|
|a DLC
|c DLC
|d DLC
|d BD-DhAAL
|
| 082 |
0 |
0 |
|a 305.5/67/092
|a B
|2 21
|
| 100 |
1 |
|
|a Jacobs, Harriet A.
|q (Harriet Ann),
|d 1813-1897.
|
| 245 |
1 |
0 |
|a Incidents in the life of a slave girl /
|c written by herself, Harriet Jacobs. With A true tale of slavery / by John S. Jacobs ; edited with an introduction and notes by Nell Irvin Painter.
|
| 260 |
|
|
|a New York :
|b Penguin Books,
|c 2000.
|
| 300 |
|
|
|a xxxvi, 277 p. ;
|c 20 cm.
|
| 490 |
0 |
|
|a Penguin classics
|
| 504 |
|
|
|a Includes bibliographical references (p. 261-277).
|
| 541 |
1 |
|
|e 00020382
|
| 600 |
1 |
0 |
|a Jacobs, Harriet A.
|q (Harriet Ann),
|d 1813-1897.
|
| 600 |
1 |
0 |
|a Jacobs, John S.,
|d 1815-1875.
|
| 650 |
|
0 |
|a Slaves
|z United States
|v Biography.
|
| 650 |
|
0 |
|a Women slaves
|z United States
|v Biography.
|
| 700 |
1 |
|
|a Painter, Nell Irvin.
|
| 700 |
1 |
2 |
|a Jacobs, John S.,
|d 1815-1875.
|t True tale of slavery.
|
| 740 |
0 |
2 |
|a True tale of slavery.
|
| 852 |
4 |
|
|a Ayesha Abed Library
|j General Shelf
|
| 999 |
|
|
|c 8894
|d 8894
|
| 952 |
|
|
|0 0
|1 0
|2 ddc
|4 0
|6 305_567092000000000_JAC_2000
|7 0
|9 10888
|a BRACUL
|b BRACUL
|c GEN
|d 2010-06-13
|l 3
|m 16
|o 305.567092 JAC
|p 3010020382
|r 2026-04-29
|s 2026-02-18
|t 1
|w 2010-06-13
|y BK
|x Transferred from ENH to Ayesha Abed library on 20/12/2023
|